| 000 | 00695nam a2200253Ia 4500 | ||
|---|---|---|---|
| 003 | OSt | ||
| 005 | 20220918163502.0 | ||
| 006 | a|||||r|||| 00| 0 | ||
| 007 | ta | ||
| 008 | 220917b |||||||| |||| 00| 0 eng d | ||
| 020 | _a0048000140 | ||
| 024 | _a31,441 | ||
| 037 | _cTextual | ||
| 040 |
_aARTS _cARTS _beng |
||
| 041 |
_2eng _aeng |
||
| 082 | _aO111,3M82,DU:g, M6 | ||
| 100 |
_aTordhiana Donald T _913399 |
||
| 245 | 0 | _aBavckground for Joyce's dubliners | |
| 260 |
_aBoston _bAllen and Unwin USA _c1986 |
||
| 300 |
_axiv, 283p. _ccm. |
||
| 650 | _aENGLISH LITERATURE | ||
| 942 |
_hO111,3M82,DU:g, M6 _cTEXL _2CC |
||
| 999 |
_c119811 _d119811 |
||